| 000 | 00759nam a2200217 i 4500 | ||
|---|---|---|---|
| 001 | 18757 | ||
| 003 | ES-MaACL | ||
| 005 | 20230906151921.0 | ||
| 007 | t| | ||
| 008 | 020218s1992 sp af |||| | spa j | ||
| 020 | _a84-7719-255-3 | ||
| 080 | _a7.034.5(460.181) | ||
| 100 | 1 |
_aCampos Sánchez-Bordona, María Dolores. _934285 |
|
| 245 | 1 | 3 |
_aEl arte del renacimiento en León _b: las vías de difusión / _cMaría Dolores Campos Sánchez-Bordona. |
| 260 |
_aLeón : _bUniversidad, Secretariado de Publicaciones, _c[1992] |
||
| 300 |
_a192 p., [28] p. de lám : _bil ; _c24 cm. |
||
| 504 | _aBibliografía: p. 165-171. | ||
| 650 | 1 | 4 |
_aArte renacentista- _zLeón (Provincia) _9163335 |
| 710 | 2 |
_aUniversidad de León. _97200 |
|
| 852 |
_aES-MaACL _jL-25333 |
||
| 999 |
_c18757 _d18757 |
||